000 00465nam a22001817a 4500
003 OSt
005 20260306145629.0
008 260306b |||||||| |||| 00| 0 eng d
020 _a9780141981802
082 _a006.301
_bTEGL
100 _aTegmark,Max
245 _aLife 3.0:being human in the age of artificial intelligence
260 _aUk
_bPenguin Random House
_c2018
300 _a364p
546 _aEnglish
650 _aComputer Science
942 _2ddc
_cBK
999 _c3952
_d3952